Guía ilustrada aves cañon del río Porce, Antioquia / (Registro nro. 17719)

Detalles MARC
000 -CABECERA
Campo de control 01108nam a22002537a 4500
005 - FECHA Y HORA DE LA ULTIMA TRANSACCION
Campo de control 20160212140028.0
008 - ELEMENTOS DE LONGITUD FIJA—INFORMACION GENERAL
Campo de control 150826b2014 ck |||||r||||f00| 0 spa d
020 ## - ISBN
ISBN 9789585829671
040 ## - FUENTE DE CATALOGACIÓN
Agencia catalogadora original CO-BoIAVH
Agencia transcriptora CO-BoIAVH
041 0# - IDIOMA
Código de idioma para texto/pista de sonido o título separado Español
044 ## - PAÍS DE PUBLICACIÓN
País de publicación Colombia
082 04 - NUMERO DE CLASIFICACION DECIMAL DEWEY
Número de clasificación 598.0222
Número del ítem P34g
100 1# - ASIENTO PRINCIPAL--NOMBRE PERSONAL
Nombre personal Peña Restrepo, Manuel
9 (RLIN) 16095
245 1# - MENCION DE TITULO
Título Guía ilustrada aves cañon del río Porce, Antioquia /
Mención de responsabilidad Manuel José Peña Restrepo y Zayda Tatiana Quirama Quintero
260 ## - PUBLICACION, DISTRIBUCION, ETC. (PIE DE IMPRENTA)
Lugar de publicación, distribución, etc. Medellín (Colombia):
Nombre del editor, distribuidor, etc. EPM,
-- Universidad de Antioquia,
-- Herbario Universidad de Antioquia,
Fecha de publicación, distribución, etc. 2014.
300 ## - DESCRIPCION FISICA
Extensión 270 páginas :
Otros detalles físicos ilustraciones, fotografías a color ;
Dimensiones 24 x 16 cm.
500 ## - NOTA GENERAL
Nota general Incluye índice de nombres científicos y nombres comunes.<br/>Incluye glosario.
504 ## - NOTA DE BIBLIOGRAFIA, ETC.
Nota de bibliografía Incluye referencias bibliográficas (Páginas 262-263).
650 #6 - ASIENTO SECUNDARIO DE MATERIA - TERMINO TEMATICO
Término temático o nombre geográfico como elemento de entrada Aves
Subdivisión de forma Guía
Subdivisión general Especies
Subdivisión geográfica Antioquia (Colombia)
9 (RLIN) 59082
650 #6 - ASIENTO SECUNDARIO DE MATERIA - TERMINO TEMATICO
Término temático o nombre geográfico como elemento de entrada Aves
Subdivisión de forma Guía
Subdivisión general Distribución
Subdivisión geográfica Antioquia (Colombia)
9 (RLIN) 59083
650 #6 - ASIENTO SECUNDARIO DE MATERIA - TERMINO TEMATICO
Término temático o nombre geográfico como elemento de entrada Aves
Subdivisión de forma Guía
Subdivisión general Hábitat
Subdivisión geográfica Antioquia (Colombia)
9 (RLIN) 59084
700 1# - ASIENTO SECUNDARIO - NOMBRE PERSONAL
Nombre personal Quirama Quintero, Zayda Tatiana
9 (RLIN) 37502
942 ## - ELEMENTOS ADICIONALES (KOHA)
Sistema de clasificación Dewey Decimal Classification
Tipo de ítem Libro
Existencias
Withdrawn status Lost status Sistema de Clasificación Damaged status No para préstamo Colección Inventariado Ubicación Permanente Ubicación actual Fecha de adquisición Fuente de Valor Valor Total Checkouts Número topográfico Inventario / Código de Barras Date last seen Ejemplar Price effective from Forma de adquisición Tipo de material
    Dewey Decimal Classification     General Inventariado 2017 Bogotá Bogotá 27/08/2015 Instituto 39000.00   LB-598.0222 P34g 042133 27/08/2015 Ej. 1 27/08/2015 Canje Libro